000 00557nam a2200181 a 4500
001 21867
003 CO-ViMGA
008 141112s2004 ck r 000 u spa d
040 _aCO-ViMGA
_bspa
_cCO-ViMGA
082 0 4 _a739 B152c
110 _aBanco Central de Venezuela
_931216
245 1 0 _aConcurso y exposición numismática bolivariana
260 _aCaracas :
_bEl banco,
_c1966
300 _a21
590 _aForma de adquisición : Donación - - Precio : 5000 - - Fecha de adquisición : Julio 2007
650 1 4 _aNUMISMATICA
_931217
942 _2ddc
_cBK
999 _c30411
_d30411